Managing your mind : (Record no. 6106)
[ view plain ]
| 000 -LEADER | |
|---|---|
| fixed length control field | 00865nam a2200301 a 4500 |
| 001 - CONTROL NUMBER | |
| JCCL Control Number | 6106 |
| 003 - CONTROL NUMBER IDENTIFIER | |
| JCCL marc code | BD-JhCC |
| 005 - DATE AND TIME OF LATEST TRANSACTION | |
| control field | 20220616134023.0 |
| 008 - FIXED-LENGTH DATA ELEMENTS--GENERAL INFORMATION | |
| fixed length control field | 070515s2007 nyu b 001 0 eng |
| 020 ## - INTERNATIONAL STANDARD BOOK NUMBER | |
| International Standard Book Number | 0195314522 (cloth) |
| 020 ## - INTERNATIONAL STANDARD BOOK NUMBER | |
| International Standard Book Number | 0195314530 (pbk.) |
| 035 ## - SYSTEM CONTROL NUMBER | |
| system control number | (BD-JhCC)6106 |
| 040 ## - CATALOGING SOURCE | |
| Original cataloging agency | DLC |
| Transcribing agency | DLC |
| Modifying agency | UkOxU |
| -- | BD-JhCC |
| 041 ## - LANGUAGE CODE | |
| Language code of Book | eng |
| 050 00 - LIBRARY OF CONGRESS CALL NUMBER | |
| Classification number | RA790 |
| Item number | .B83 2007 |
| 082 00 - DEWEY DECIMAL CLASSIFICATION NUMBER | |
| Classification number | 158 |
| DDC Edition number | 22 |
| Author mark and Year | BUT 2007 |
| 100 1# - MAIN ENTRY--PERSONAL NAME | |
| Personal name | Butler, Gillian, |
| Dates associated with a name | 1942- |
| 245 10 - TITLE STATEMENT | |
| Title | Managing your mind : |
| Remainder of title | the mental fitness guide / |
| Statement of responsibility, etc | Gillian Butler, Tony Hope. |
| 246 3# - VARYING FORM OF TITLE | |
| Title proper/short title | Manage your mind : |
| Remainder of title | the mental fitness guide |
| 250 ## - EDITION STATEMENT | |
| Edition statement | 2nd ed. |
| 260 ## - PUBLICATION, DISTRIBUTION, ETC. (IMPRINT) | |
| Place of publication, distribution, etc | New York : |
| Name of publisher, distributor, etc | Oxford University Press, |
| Date of publication, distribution, etc | 2007. |
| 263 ## - PROJECTED PUBLICATION DATE | |
| Projected publication date | 0701 |
| 300 ## - PHYSICAL DESCRIPTION | |
| Pagination | ix, 534 p. ; |
| Dimensions | 21 cm. |
| 650 #0 - SUBJECT ADDED ENTRY--TOPICAL TERM | |
| Topical term or geographic name as entry element | Mental health |
| 650 #0 - SUBJECT ADDED ENTRY--TOPICAL TERM | |
| Topical term or geographic name as entry element | Self-management (Psychology) |
| 700 1# - ADDED ENTRY--PERSONAL NAME | |
| Personal name | Hope, R. A. |
| 942 ## - ADDED ENTRY ELEMENTS (KOHA) | |
| Source of classification or shelving scheme | Dewey Decimal Classification |
| Koha item type | Books |
| Koha issues (borrowed), all copies | 5 |
| Source of classification or shelving scheme | Damaged status | Not for loan | Home library | Current library | Shelving location | Date of accession | Cost, normal purchase price | Total Checkouts | Full call number | Barcode | Date last seen | Date checked out | Copy number | Koha item type |
|---|---|---|---|---|---|---|---|---|---|---|---|---|---|---|
| Dewey Decimal Classification | JCC Rouf Library | JCC Rouf Library | General Stacks | 01/01/2018 | 18.95 | 7 | 158 BUT 2007 | 8459 | 08/17/2025 | 07/27/2025 | C-1 | Books |